000 00411nam a22001577a 4500
005 20250729115541.0
008 250729b |||||||| |||| 00| 0 eng d
020 _a9780415433938
_qpbk
041 _aeng
082 _a507
_bWEL
100 _a Jerry Wellington
245 _aScience Learning, Science Teaching
_cWellington Jerry
260 _bRoutledge
700 _a Jerry Wellington
942 _cENGLISH
999 _c577893
_d577893